00808nam a22002057a 450000500170000001000150001702000260003203500130005803700130007108200110008424501410009526000300023627000850026630000290035170000210038070000230040194200250042499900170044995201360046620150423151136.0 aENG-112384 c895.00a9789351432241 aEN-95916 bDBAD/PUB a336.2400aChaturvedi & Pithisaria's income tax rules with allied rules and relevant schemes /ccomplied by M.K. Pithisaria [and] Mukesh Pithisaria aGurgaonbLexisNexisc2014 a14th floor, Building No 10, Tower-B, DLF Cyber City, Phase-II ,bGurgaone122002 aclxxv,1717p. c24cm(pbk) aPithisaria, M.K. aPithisaria, Mukesh 2ddccENmCHAh336.24 c92272d92272 001040718NFICaDBADbDBADd2015-03-16eDBAD/PUBg895.00l0o336.24 CHApEN-95916r2015-03-16 00:00:00t1v895.00w2015-03-16yEN